000 00440nam a2200145Ia 4500
008 231129s2006||||xx |||||||||||||| ||spa||
020 _a84-8310-346-X
040 _bspa
082 _a362.28 G935s
100 _aGuerriero Leila
245 0 _aLos suicidas del fin del mundo: Crónica de un pueblo patagónico
260 _c2006
264 _aBarcelona España : TusQuets Editores
942 _2ddc
_cBKS
999 _c20080
_d20080